000 00740nam a2200253Ia 4500
003 OSt
005 20220928124609.0
006 a|||||r|||| 00| 0
007 ta
008 220927b |||||||| |||| 00| 0 eng d
020 _c3744.0585000000001
024 _a104715
037 _b2324, 21/12/2009, New India Book Agency
_cTextual
040 _aSDCL
_cSDCL
_beng
041 _2eng
_aeng
082 _aI,11, P9
100 _aWayne Randy
245 0 _aPlant cell biology
_b From astronomy to zoology.
260 _aAmsterdam
_bAcadmic Press
_c2009
300 _axvi,392p.
_ccm.
650 _aGenetics
942 _hI,11, P9
_cTEXL
_2CC
999 _c779245
_d779245